[Event "Vaujany op 14th"]
[Site "Vaujany"]
[Date "2023.07.13"]
[Round "1"]
[White "Estremera Panos, Sergio"]
[Black "Godry, Adelin"]
[Result "1-0"]
[WhiteElo "2275"]
[BlackElo "1967"]
[PlyCount "93"]
[EventDate "2023.07.13"]
[EventType "swiss"]
[EventRounds "9"]
[EventCountry "FRA"]
[SourceTitle "CBM 215 Extra"]
[Source "ChessBase"]
[SourceDate "2023.09.30"]
[SourceVersion "1"]
[SourceVersionDate "2023.09.30"]
[SourceQuality "1"]

1. d4 Nf6 2. c4 e6 3. Nc3 Bb4 4. e3 0-0 5. Bd3 d5 6. Nf3 c5 7. cxd5 exd5 8. dxc5 Nc6 9. 0-0 Bxc5 10. h3 Be6 11. b3 Rc8 12. Bb2 Qe7 13. Ne2 Ne4 14. Ned4 Rfd8 15. Qe2 Bd6 16. Rac1 Nxd4 17. Nxd4 Qh4 18. Nxe6 fxe6 19. Bxe4 Qxe4 20. Rxc8 Rxc8 21. Qb5 Rc7 22. Qe8+ Bf8 23. Ba3 Rf7 24. Qb8 Qc2 25. Bxf8 Rxf8 26. Qxa7 h6 27. Qb6 Rf6 28. a4 Rg6 29. Qxb7 Qe4 30. g3 Kh7 31. Qb5 Qf3 32. Qd3 e5 33. Kh2 d4 34. Qd1 Qe4 35. exd4 exd4 36. Re1 Qb7 37. Qd3 Qf7 38. Qxd4 Qxb3 39. Qe4 Qb6 40. Kg2 Kg8 41. Qd5+ Kh7 42. Re8 Rf6 43. Qe4+ Rg6 44. h4 Qc6 45. a5 h5 46. Qxc6 Rxc6 47. Re4 1-0